نظرية سحب القرارات الإدارية / (Record no. 24280)
[ view plain ]
| 000 -الفاتح | |
|---|---|
| حقل البيانات ثابتة الطول | 01031nam a22002775a 4500 |
| 003 - محدد رقم الضبط | |
| رقم الضبط | OSt |
| 005 - وقت وتاريخ اخر تعامل مع التسجيلة | |
| رقم الضبط | 20170301123124.0 |
| 008 - عناصر البيانات ثابتة الطول - معلومات عامة | |
| حقل البيانات ثابتة الطول | 170226s2016 ua frb 000 0 ara d |
| 015 ## - | |
| -- | 2016 / 2301 |
| 020 ## - الرقم الدولى المعيارى للكتب | |
| الرقم الدولى المعيارى للكتاب | 9789770480113 |
| 040 ## - مصدر الفهرسة | |
| وكالة الفهرسة الأصلية | EG-ScBUE |
| لغة الفهرسة | ara |
| وكالة النسخ | EG-ScBUE |
| 043 ## - رمز المنطقة الجغرافية | |
| رمز المنطقة الجغرافية | a-mk--- |
| 082 04 - رقم تصنيف ديوى العشرى | |
| رقم التصنيف | 342.535306 |
| رقم المادة | ش ك ي |
| رقم الطبعة | 22 |
| 100 1# - المدخل الرئيسى - إسم شخصى | |
| الإسم الشخصى | شكيلي، سالم بن سلمان. |
| 245 10 - بيان العنوان | |
| العنوان | نظرية سحب القرارات الإدارية / |
| بيان المسئوليه,etc | سالم بن سلمان الشكيلي. |
| 250 ## - بيان الطبعة | |
| بيان الطبعة | ط. 1. |
| 260 ## - PUBLICATION, DISTRIBUTION, ETC. (IMPRINT) | |
| مكان الناشر او الموزع | القاهرة : |
| اسم الناشر او الموزع | دار النهضة العربية، |
| تاريخ النشر أو التوزيع | 2016. |
| 300 ## - الوصف المادى | |
| التعداد | 164 ص. ؛ |
| أبعاد الوعاء | 24 سم. |
| 504 ## - تبصرة ببليوجرافية | |
| تبصرة ببليوجرافية,الخ | يشتمل على إرجاعات ببليوجرافية. |
| 650 #7 - المدخل الاضافى بالموضوع-مصطلح موضوعى | |
| مصطلح موضوعي أو اسم جغرافي كعنصر مدخل | القانون الإداري |
| التقسيم الفرعي الجغرافي | عمان (سلطنة). |
| مصدر الرأس أو المصطلح | BUEsh |
| 9 (RLIN) | 40631 |
| 650 #7 - المدخل الاضافى بالموضوع-مصطلح موضوعى | |
| مصطلح موضوعي أو اسم جغرافي كعنصر مدخل | القرارات الإدارية |
| التقسيم الفرعي الجغرافي | عمان (سلطنة). |
| مصدر الرأس أو المصطلح | BUEsh |
| 9 (RLIN) | 14805 |
| 650 #7 - المدخل الاضافى بالموضوع-مصطلح موضوعى | |
| مصطلح موضوعي أو اسم جغرافي كعنصر مدخل | الرقابة الإدارية |
| التقسيم الفرعي الجغرافي | عمان (سلطنة). |
| مصدر الرأس أو المصطلح | BUEsh |
| 9 (RLIN) | 14803 |
| 651 ## - المدخل الاضافى بالموضوع - اسم جغرافى | |
| مصدر الرأس أو المصطلح | BUEsh |
| 653 ## - مصطلح تكشيفى غير مقيد | |
| Resource For college | Law |
| Arrived date list | February2017 |
| 942 ## - عناصر المدخل الإضافي( كوها) | |
| مصدر التصنيف او مخطط الترفيف | Dewey Decimal Classification |
| حالة التراجع | حالة الفقد | مصدر التصنيف او خطة الترفيف | حالة تلف | ليس للاعارة | مجموعات كوها | المكان الدائم | المكان الحالي | موقع الترفيف | تاريخ الاكتساب | Source of acquisition | سعر الشراء الطبيعي | تعداد مسلسل / التسلسل الزمني | رقم الاستدعاء | الباركود | Date last seen | التكلفة | نوع الوعاء | تحديد مواد ( مجلدات مجمعه أو جزء أخر) |
|---|---|---|---|---|---|---|---|---|---|---|---|---|---|---|---|---|---|---|
| Dewey Decimal Classification | دار النهضة العربية | Central Library | Central Library | First floor | 28/02/2017 | Purchase | 35.00 | 2815 | 342.535306 ش ك ي | 000045672 | 15/07/2025 | 43.75 | Book - Borrowing | |||||
| Lost | Dewey Decimal Classification | دار النهضة العربية | Central Library | Central Library | First floor | 28/02/2017 | Purchase | 35.00 | 2815 | 342.535306 ش ك ي | 000045673 | 24/08/2022 | 43.75 | Book - Borrowing | Lost_In_Inventory_12-2-2024 |